Low temperature thermal desorption hydrocarbon PCB remediation case studies. (Record no. 101069)

MARC details
000 -LEADER
fixed length control field 00545cam a2200193 4500
008 - FIXED-LENGTH DATA ELEMENTS--GENERAL INFORMATION
fixed length control field 000000n2000 000 0 eng u
020 ## - INTERNATIONAL STANDARD BOOK NUMBER
International Standard Book Number 0860178382
035 ## - SYSTEM CONTROL NUMBER
System control number (Sirsi) u110180
050 ## - LIBRARY OF CONGRESS CALL NUMBER
Classification number 333.337
100 ## - MAIN ENTRY--PERSONAL NAME
Personal name Birnstingl, J
245 ## - TITLE STATEMENT
Title Low temperature thermal desorption hydrocarbon PCB remediation case studies.
260 ## - PUBLICATION, DISTRIBUTION, ETC.
Place of publication, distribution, etc. London
Name of publisher, distributor, etc. CIRIA
Date of publication, distribution, etc. 2000
300 ## - PHYSICAL DESCRIPTION
Extent 56p. ; 30cm.
490 ## - SERIES STATEMENT
Series statement Project Report
Volume/sequential designation 38
650 ## - SUBJECT ADDED ENTRY--TOPICAL TERM
Topical term or geographic name entry element CONTAMINATED LAND
650 ## - SUBJECT ADDED ENTRY--TOPICAL TERM
Topical term or geographic name entry element CONTAMINATED WASTE
690 ## - LOCAL SUBJECT ADDED ENTRY--TOPICAL TERM (OCLC, RLIN)
Topical term or geographic name as entry element ENVIRONMENT-CONTAMINATION
942 ## - ADDED ENTRY ELEMENTS (KOHA)
Suppress in OPAC 0
Holdings
Withdrawn status Lost status Source of classification or shelving scheme Damaged status Not for loan Home library Current library Shelving location Date acquired Cost, normal purchase price Total Checkouts Full call number Barcode Date last seen Copy number Cost, replacement price Price effective from Koha item type
    Dewey Decimal Classification     London London Folio 05/01/2001 15.00   F333.337 BIR 30063212 06/08/2019 1 15.00 06/08/2019 Book